Регионална библиотека "Любен Каравелов" - Русе

Operatic Recital (Запис номер 520118)

MARC детайли
000 -Лидер
Лидер 02004njm a2200337 a 4500
003 - Код на организацията, давaща контролен номер
Код на организацията, даваща контролен номер BLK
005 - Дата и час на последна редакция
Дата и час на последна редакция 20241023133240.0
007 - Фиксирано поле за физическо описани
Физическо описание sd ammalaaahaa
008 - Елементи от данни с фиксирана дължина
Елементи с фиксирана дължина 180413b bul||n|| |||||||| n|bulo|
028 ## - PUBLISHER NUMBER
Издателски номер SUG 20001
040 ## - Източник на каталожния запис
Код на библиотеката BLK
041 ## - Код за език
Език на записа Чешки
-- Английски
Език за КДБФ Чешки
080 ## - УДК
УДК текст Опера, музикална драма - изпълнители
УДК код 782.1.071.2
УДК – определител (086.72)
УДК – код + определител 785.74(086.72)
100 ## - Редна дума - Автор
Автор Zobian, Garbis
R(LIN) 495580
245 ## - Сведения за заглавието
Заглавие Operatic Recital
Авторска отговорност Garbis Zobian ; cond. Josef Bartl, Frantisek Skvor.
257 ## - Страна на издаване
Страна на създаване/издаване Чехословакия
260 ## - Област на издателските данни
Място на издаване Praha
Име на издателя Supraphon
Година на издаване б. г.
9 (RLIN) 210746
300 ## - Физическа характеристика
Брой страници 1 грамофонна плоча
Илюстрации 33 1/3 об./мин.,моно
Размер 25 см
380 ## - Жанр
Жанр Изкуство
490 ## - СЕРИИ (Колекции)
9 (RLIN) 494133
Серия Artia
500 ## - Общи забележки
Обща забележка A1 L'africaine, Act 4, Vasco's Aria "O Paradiso" / Composed By Giacomo Meyerbeer, Conductor Josef Bartl<br/>A2 La Juive, Act 4, Eleazar's Aria "Rachel, Quand Du Seigneur" / Composed By Jacques Halévy, Conductor Josef Bartl<br/>A3 Carmen, Act 2, Don José's Aria "La Fleur Que Tu M'avais Jetée" / Composed By Georges Bizet, Conductor Josef Bartl<br/>A4 I Pagliacci, Act 1, Canio's Aria "Vesti La Giubba" / Composed By Ruggiero Leoncavallo, Conductor František Škvor<br/><br/>B1 Andrea Chénier, Act 1, Chénier's Aria "Un Di All'azzurro Spazio Guardai" / Composed By Umberto Giordano, Conductor Josef Bartl<br/>B2 A Masked Ball, Act 3, Richard's Aria "Forse La Soglia Attinse" / Composed By Giuseppe Verdi, Conductor František Škvor<br/>B3 Otello, Act 4, Otello's Aria "Nium Mi Tema" / Composed By Giuseppe Verdi, Conductor Josef Bartl
511 ## - Забележка за участници или изпълнители
Забележка за участници Prague Smetana Theatre Orchestra<br/>Tenor Vocals Garbis Zobian
650 #0 - Допълнително описание по предмет – тема
9 (RLIN) 298023
Предметна рубрика Оперни и оперетни артисти
653 ## - Ключова дума – ненормативна
9 (RLIN) 493947
Ключови думи оперни рецитали
700 ## - Други автори (авторска отговорност)
9 (RLIN) 495581
Друг автор Bartl, Josef
700 ## - Други автори (авторска отговорност)
9 (RLIN) 495582
Друг автор Skvor, Frantisek
852 ## - Местоположение
Сигнатура (форматна) Ф 12
Отдел Хранилище
942 ## - АРТИКУЛИ
Вид на библиотечния документ Грамофонни плочи
Скрит в OPAC Не
944 ## - СЪЗДАВАНЕ И РЕДАКЦИЯ на ЗАПИСА
Дата на регистрацията/редакция Севдалина Тодорова
Служител, извършил регистрацията/редакцията 30540
Статус, дата на статуса Севдалина Тодорова
999 ## - СИСТЕМНИ КОНТРОЛНИ НОМЕРА
Koha biblionumber 520118
Koha biblioitemnumber 520118
999 ## - СИСТЕМНИ КОНТРОЛНИ НОМЕРА
Koha biblioitemnumber 520118
Наличности
Код за отписване Код за изгубен артикул Източник на класификационната схема Код за повреда Коз за рестрикции Код за отдаване Артикулен № Име на библиотеката - собственик Име на библиотеката, в която се намира в момента Статус (Текущо местоположение) Дата на вписване в системата Местоположение - отдел Цена в лева Инвентарен номер Систематично азбучна сигнатура Баркод Цена в евро Служебен тип на артикула
  Не е изгубен Universal Decimal Classification Не е повреден само за читалня ползва се в читалня 952840 Регионална библиотека "Любен Каравелов" Русе Регионална библиотека "Любен Каравелов" Русе Хранилище 2024-10-23 Основен фонд - ползва се само за читалня 3.20 160/63 Ф 12 900000109570 1.64 Грамофонни плочи
Vip Innovations Ltd, Rousse, Bulgaria 2025